000 00536nam a2200157 i 4500
001 99377
003 ES-MaACL
005 20230906182504.0
007 t|
008 050907s1916 sp ||||1| spa d
100 1 _aMartín-Granizo, León.
_977517
245 1 0 _aMis viajes por España
_b: conferencia leída en el Ateneo de Valladolid el 17 de Febrero de 1916 /
_cLeón Martín-Granizo.
260 _aValladolid :
_bViuda de Montero,
_c1916.
300 _a48 p. ;
_c22 cm.
852 _aES-MaACL
_j1529-F-14
_z.- Dedicatoria ms. del autor
999 _c99377
_d99377